Taylor Swift - Speak Now - Statistics

General Stats
  • This quiz has been taken 43 times
  • The average score is 19 of 22
Answer Stats
Answer % Correct
Enchanted
96%
Speak Now
96%
Castles Crumbling
93%
Dear John
93%
Haunted
93%
Long Live
93%
Mine
93%
Sparks Fly
93%
Back To December
89%
Better Than Revenge | BTR
85%
Mean
85%
Superman
85%
The Story Of Us | TSOU
85%
Foolish One
81%
Last Kiss
81%
Ours
81%
I Can See You | ICSY
78%
Timeless
78%
When Emma Falls In Love | WEFIL
78%
Electric Touch
74%
Innocent
74%
Never Grow Up
70%
No matching quizzes found
Score Distribution
Percent of People with Each Score
Percentile by Number Answered
Your Score History
You have not taken this quiz